Acronymes et sigles divers #2 - Statistiques

Statistiques générales
  • Ce quiz a été pris 60 904 fois
    59 677 depuis la dernière actualisation
  • Le résultat moyen est 36 sur 53
Statistiques - réponses
Acronyme Indice Réponse % Correct
Politique-économie U Union
97%
Politique-économie E Européenne
96%
Grammaire C Complément
92%
Grammaire I Indirect
92%
Pays R République
92%
Grammaire O d'Objet
91%
Pays C du Congo
91%
Pays D Démocratique
90%
Santé / Surpoids I Indice
90%
Santé / Surpoids M de Masse
87%
Internet Q Questions
87%
Sport F de Football
86%
Santé / Surpoids C Corporelle
84%
Sport F Fédération
84%
Militaire O Organisation
84%
Énergies O Organisation
84%
Internet F Foire
83%
Internet A Aux
82%
Médecine C Centre
79%
Droit pénal G Général
78%
Médecine H Hospitalier
77%
Entreprise G Général
76%
Sport I Internationale
76%
Association A des Animaux
73%
Entreprise D Directeur
73%
Géants du Web G Google
72%
Région A Alpes-
71%
Région C Côte
71%
Région A d'Azur
71%
Géants du Web F Facebook
70%
Région P Provence-
70%
Entreprise P Président
69%
Géants du Web A Amazon
68%
Médecine U Universitaire
64%
Géants du Web A Apple
62%
Géants du Web M Microsoft
62%
Logement H Habitation
61%
Association S Société
58%
Maternité A Assistée
53%
Logement L à Loyer
51%
Militaire A de l'Atlantique
51%
Maternité P Procréation
50%
Logement M Modéré
49%
Militaire N Nord
48%
Maternité M Médicalement
47%
Droit pénal I d'Intérêt
46%
Droit pénal T Travaux
46%
Militaire T du Traité
41%
Énergies P de Pétrole
37%
Association P Protectrice
37%
Énergies P des Pays
30%
Énergies E Exportateurs
23%
Sport A Association
22%
Aucun quiz correspondant
Distribution des résultats
% des personnes avec chaque résultat
Percentile par nombre de réponses
Votre historique - résultats
Vous n’avez pas pris ce quiz depuis la dernière actualisation